RAAVUM PAKALUM (Record no. 10078)

MARC details
000 -LEADER
fixed length control field 00289nam a2200121Ia 4500
005 - DATE AND TIME OF LATEST TRANSACTION
control field 20250409181129.0
008 - FIXED-LENGTH DATA ELEMENTS--GENERAL INFORMATION
fixed length control field 250409s9999||||xx |||||||||||||| ||und||
100 ## - MAIN ENTRY--PERSONAL NAME
Personal name MUKUNDAN, M
245 #0 - TITLE STATEMENT
Title RAAVUM PAKALUM
260 ## - PUBLICATION, DISTRIBUTION, ETC.
Name of publisher, distributor, etc. D C BOOKS,
Place of publication, distribution, etc. KOTTAYAM:
650 ## - SUBJECT ADDED ENTRY--TOPICAL TERM
Form subdivision Malayalam Fiction
942 ## - ADDED ENTRY ELEMENTS (KOHA)
Koha item type BOOK
Holdings
Withdrawn status Lost status Damaged status Not for loan Collection Home library Current library Shelving location Date acquired Total checkouts Full call number Barcode Date last seen Date last checked out Price effective from Koha item type
        Malayalam Fiction St.Dominics College Library St.Dominics College Library Malayalam Literature 04/09/2025 1 894.8123 MUK 19865 07/25/2025 07/11/2025 04/09/2025 BOOK